| 000 | 00955nam a2200217 a 4500 | ||
|---|---|---|---|
| 001 | BRCA_849 | ||
| 005 | 20190320203157.0 | ||
| 008 | 830815s1981 sp-a---##c---f000-0dspa-# | ||
| 020 | _a847483192X (Obra completa) | ||
| 040 |
_aDLC _cDLC _dDLC |
||
| 050 | 4 |
_aNK7162 _b.E88 1981 |
|
| 100 | 1 |
_aEsteban Lorente, Juan Francisco _92830 |
|
| 245 | 1 | 0 |
_aLa platería de Zaragoza en los siglos XVII y XVIII _cJuan Francisco Esteban Lorente. |
| 260 |
_a[Madrid] _bMinisterio de Cultura, Dirección General del Patrimonio Artístico, Archivos y Bibliotecas, Centro Nacional de Información Artística, Arqueológica y Etnológica _c[1981?] |
||
| 300 |
_a3 v. _bil. _c25 cm. |
||
| 500 | _aIncluye índice de los maestros plateros zaragozanos de los siglos XVII y XVIII (v.1) | ||
| 504 | _aBibliografía: p. 15-17 (v.1) | ||
| 650 | 1 | 4 |
_aPlatería religiosa _xHistoria _ySiglos XVII y XVIII _zEspaña _92831 |
| 650 | 1 | 4 |
_aPlateros _vBiografía _zEspaña _92832 |
| 942 |
_2lcc _cB |
||
| 999 |
_c744 _d744 |
||